Publicaciones de Neurocirugia de autores portugueses y españoles (hasta 1960) (Record no. 114409)

MARC details
000 -LEADER
campo de control de longitud fija 00868nam a22002291 4500
001 - NÚMERO DE CONTROL
campo de control 114409
003 - IDENTIFICADOR DE NÚMERO DE CONTROL
campo de control ES-MaACL
005 - FECHA Y HORA DE LA ÚLTIMA TRANSACCIÓN
campo de control 20250814063227.0
007 - CAMPO FIJO DE DESCRIPCIÓN FÍSICA--INFORMACIÓN GENERAL
campo de control de longitud fija t|
008 - DATOS DE LONGITUD FIJA--INFORMACIÓN GENERAL
campo de control de longitud fija 070227s1961 sp ||||0| spa d
016 7# - NÚMERO DE CONTROL DE UNA AGENCIA BIBLIOGRÁFICA NACIONAL
Número de control cancelado/no válido IND9500651968
040 ## - FUENTE DE CATALOGACIÓN
Centro catalogador/agencia de origen M-BN
Lengua de catalogación spa
Centro/agencia transcriptor A2
080 ## - NÚMERO DE LA CLASIFICACIÓN DECIMAL UNIVERSAL
Número de la Clasificación Decimal Universal 061:616.8-089
100 1# - ENTRADA PRINCIPAL--NOMBRE DE PERSONA
Nombre de persona Obrador Alcalde, Sixto,
Fechas asociadas al nombre 1911-1978
9 (RLIN) 86417
245 10 - MENCIÓN DEL TÍTULO
Título Publicaciones de Neurocirugia de autores portugueses y españoles (hasta 1960)
Resto del título : Indice bibliográfico /
Mención de responsabilidad, etc. editado por la Sociedad Luso-Española de Neurocirugía [por Sixto Obrador Alcalde y José María Ortiz González].
260 ## - PUBLICACIÓN, DISTRIBUCIÓN, ETC.
Lugar de publicación, distribución, etc. Madrid :
Nombre del editor, distribuidor, etc. [s.n.],
Fecha de publicación, distribución, etc. 1961 (
Fabricante Imp. Silverio Aguirre Torre)
300 ## - DESCRIPCIÓN FÍSICA
Extensión 157 p ;
Dimensiones 24 cm.
650 14 - PUNTO DE ACCESO ADICIONAL DE MATERIA--TÉRMINO DE MATERIA
Término de materia o nombre geográfico como elemento de entrada Neurocirugía.
9 (RLIN) 15526
700 1# - ENTRADA AGREGADA--NOMBRE PERSONAL
Nombre de persona Ortiz González, José María.
9 (RLIN) 87621
852 ## - LOCALIZACIÓN
Ubicación ES-MaACL
Número de control de estantería C-24016
Sublocalización o colección R.53192
Holdings
Estatus retirado Estado de pérdida Estado de daño No para préstamo Biblioteca de origen Biblioteca actual Ubicación en estantería Fecha de adquisición Fuente de adquisición Total de préstamos Signatura topográfica completa Código de barras Visto por última vez Precio de reemplazo Tipo de ítem Koha
        Biblioteca del Ateneo de Madrid Biblioteca del Ateneo de Madrid Depósito 2 17/01/2008     C-24016 1119312 23/02/2023 23/02/2023 Libro impreso